Top 10 Men’s Handball Teams 2025 - Statistics

General Stats
  • This quiz has been taken 49 times
  • The average score is 8 of 10
Answer Stats
Hint Answer % Correct
2 France
100%
3 Germany
95%
10 Spain
93%
1 Denmark
90%
4 Norway
88%
5 Sweden
88%
7 Croatia
79%
8 Portugal
79%
9 Iceland
71%
6 Hungary
57%
No matching quizzes found
Score Distribution
Percent of People with Each Score
Percentile by Number Answered
Your Score History
You have not taken this quiz